|
|
|
|
| LEADER |
00629cam a2200205 7i4500 |
| 001 |
0000021053 |
| 005 |
20080404090000.0 |
| 020 |
0 |
0 |
|a 978-0-230-50028-0
|
| 090 |
0 |
0 |
|a B 910.688
|b ANH
|
| 100 |
2 |
0 |
|a Anholt
|
| 245 |
2 |
0 |
|a Competitive identity :
|b the new brand management for nations,cities and regions.
|
| 260 |
0 |
0 |
|a New York:
|b Palgrave Macmillan,
|c 2007.
|
| 300 |
# |
# |
|a 134 p.
|
| 650 |
0 |
0 |
|a International relations
|
| 650 |
0 |
0 |
|a Product management
|
| 650 |
0 |
0 |
|a Branding
|
| 650 |
0 |
0 |
|a Competition,International
|
| 650 |
0 |
0 |
|a Place marketing
|
| 650 |
0 |
0 |
|a Nation branding
|
| 999 |
|
|
|a B000022084
|b Book
|c Regions
|e Business Information Centre
|